000 00701nas a2200229 4500
001 BR9703285
003 BR-BrBNA
005 20231205100343.0
007 ta
008 230509b bl.|||p| |||| 00| 00por d
040 _aBR-BrBNA
_bpor
_cBiblioteca Nacional de Agricultura
041 _a(Pt)
072 _aP01; D50
100 1 _aRodrigues, J.E.R.
245 1 _aReservas particulares de patrimonio natural e o manejo sustentado
650 _aPropriedade Rural
650 _aReserva Ecologica
650 _aLegislacao
773 0 _tFlorestar Estatistico (Brazil)
_xISSN 0104-3048
_g(Jul-Oct 1995), v. 3(8) p. 11-13
_wBR9703285
909 _a202311
_bLúcia
_c55
_dLúcia Elande
942 _2AGRIS
_n0
_cANA
999 _c155542
_d155542